<?xml version="1.0" encoding="UTF-8"?><?xml-stylesheet type="text/xsl" href="static/style.xsl"?><OAI-PMH xmlns="http://www.openarchives.org/OAI/2.0/" xmlns:xsi="http://www.w3.org/2001/XMLSchema-instance" xsi:schemaLocation="http://www.openarchives.org/OAI/2.0/ http://www.openarchives.org/OAI/2.0/OAI-PMH.xsd"><responseDate>2026-04-13T01:35:31Z</responseDate><request verb="GetRecord" identifier="oai:www.recercat.cat:2072/482378" metadataPrefix="marc">https://recercat.cat/oai/request</request><GetRecord><record><header><identifier>oai:recercat.cat:2072/482378</identifier><datestamp>2025-03-02T20:54:15Z</datestamp><setSpec>com_2072_98</setSpec><setSpec>col_2072_378196</setSpec></header><metadata><record xmlns="http://www.loc.gov/MARC21/slim" xmlns:dcterms="http://purl.org/dc/terms/" xmlns:xsi="http://www.w3.org/2001/XMLSchema-instance" xmlns:doc="http://www.lyncode.com/xoai" xsi:schemaLocation="http://www.loc.gov/MARC21/slim http://www.loc.gov/standards/marcxml/schema/MARC21slim.xsd">
   <leader>00925njm 22002777a 4500</leader>
   <datafield ind2=" " ind1=" " tag="042">
      <subfield code="a">dc</subfield>
   </datafield>
   <datafield ind2=" " ind1=" " tag="720">
      <subfield code="a">Pádua Hussner, Marc De</subfield>
      <subfield code="e">author</subfield>
   </datafield>
   <datafield ind2=" " ind1=" " tag="720">
      <subfield code="a">Universitat Autònoma de Barcelona. Facultat de Psicologia</subfield>
      <subfield code="e">author</subfield>
   </datafield>
   <datafield ind2=" " ind1=" " tag="260">
      <subfield code="c">2025</subfield>
   </datafield>
   <datafield ind2=" " ind1=" " tag="520">
      <subfield code="a">This paper examines Dance Movement Therapy (DMT) with healthy seniors, focusing on transforming somatic countertransference into poetry through artistic inquiry. Using a writing-moving-writing technique, the therapist-researcher's embodied responses were documented poetically as a reflexive tool. Integrating neuroscience, psychodynamics, philosophy, and creative arts therapies (CAT's), it explores how embodied cognition and artistic processes enhance therapeutic attunement. The study highlights poetry's potential to access preverbal and unconscious emotions, benefiting both therapist and patient. It advocates for artistic modalities in clinical and personal practice, beyond CATs, positioning creativity as both a therapeutic tool and an outcome.</subfield>
   </datafield>
   <datafield ind2=" " ind1=" " tag="520">
      <subfield code="a">Aquest treball examina la Dansa Moviment Teràpia (DMT) amb persones grans neurotípics, centrant-se en la transformació de la contratransferència somàtica en poesia a través de la indagació artística. Mitjançant la tècnica d'escriptura-moviment-escriptura, les respostes corporitzades del terapeuta-investigador es documenten poèticament com a eina reflexiva. Integrant neurociència, psicodinàmica, filosofia i teràpies creatives (TAC), explora com la cognició corporal i els processos artístics milloren la sintonia terapèutica. L'estudi destaca el potencial de la poesia per accedir a emocions preverbals i inconscients, beneficiant terapeuta i pacient, i defensa l'ús de modalitats artístiques en la pràctica clínica i personal, més enllà de les TAC.</subfield>
   </datafield>
   <datafield ind2=" " ind1=" " tag="520">
      <subfield code="a">Este documento explora el uso de la Danza Movimiento Terapia (DMT) con adultos mayores neurotípicos, con enfoque específico en la transformación de la contratransferencia somática en poesía a través de la indagación artística. Basado en la técnica de escritura-movimiento-escritura, las respuestas corporales y emocionales del terapeuta-investigador a las sesiones, se documentaron en forma poética como una herramienta reflexiva y analítica. Entrelazando evidencia neurocientífica, perspectivas psicodinámicas, teorías filosóficas y extrayendo información de las terapias de artes creativas (CAT), este estudio investiga cómo la cognición corporal y el proceso artístico promueven una sintonía terapéutica más profunda para una alianza terapéutica fortalecida. Además, demuestra cómo el proceso creativo refleja el recorrido terapéutico, buscando resaltar el potencial de la poesía como un medio eficaz para facilitar el acceso al contenido emocional preverbal e inconsciente, tanto en el terapeuta como en el paciente. Esta tesis busca contribuir al avance del campo terapéutico, más allá de las CAT, proponiendo el uso de modalidades artísticas en la práctica clínica y personal, independientemente del paradigma terapéutico. Tanto el recorrido creativo como el terapéutico se presentan como resultados.</subfield>
   </datafield>
   <datafield tag="653" ind2=" " ind1=" ">
      <subfield code="a">Dance Movement Therapy (DMT)</subfield>
   </datafield>
   <datafield tag="653" ind2=" " ind1=" ">
      <subfield code="a">Somatic Countertransference</subfield>
   </datafield>
   <datafield tag="653" ind2=" " ind1=" ">
      <subfield code="a">Artistic Inquiry</subfield>
   </datafield>
   <datafield tag="653" ind2=" " ind1=" ">
      <subfield code="a">Dansa Moviment Teràpia (DMT)</subfield>
   </datafield>
   <datafield tag="653" ind2=" " ind1=" ">
      <subfield code="a">Contratransferència Somàtica</subfield>
   </datafield>
   <datafield tag="653" ind2=" " ind1=" ">
      <subfield code="a">Indagació Artística</subfield>
   </datafield>
   <datafield tag="653" ind2=" " ind1=" ">
      <subfield code="a">Danza Movimiento Terapia (DMT)</subfield>
   </datafield>
   <datafield tag="653" ind2=" " ind1=" ">
      <subfield code="a">Contratransferencia somática</subfield>
   </datafield>
   <datafield tag="653" ind2=" " ind1=" ">
      <subfield code="a">Indagación artística</subfield>
   </datafield>
   <datafield ind2="0" ind1="0" tag="245">
      <subfield code="a">Embodied Echoes : An Artistic Inquiry into Somatic Countertransference in Dance Movement Therapy with Healthy Seniors</subfield>
   </datafield>
</record></metadata></record></GetRecord></OAI-PMH>